Leprosy in India: a study in medical geography (Record no. 2557)

MARC details
000 -LEADER
fixed length control field 00488nam a2200169Ia 4500
020 ## - INTERNATIONAL STANDARD BOOK NUMBER
ISBN 81-7033-624-4
082 ## - DEWEY DECIMAL CLASSIFICATION NUMBER
Classification number 614.546095475 SIN-L
100 ## - MAIN ENTRY--AUTHOR NAME
Personal name Sinha, Harshi;
245 #0 - TITLE STATEMENT
Title Leprosy in India: a study in medical geography
260 ## - PUBLICATION, DISTRIBUTION, ETC. (IMPRINT)
Place of publication Jaipur
Name of publisher Rawat Publications
Year of publication 2000
300 ## - PHYSICAL DESCRIPTION
Number of Pages 259p.
504 ## - BIBLIOGRAPHY, ETC. NOTE
Bibliography, etc Includes index
650 ## - SUBJECT ADDED ENTRY--TOPICAL TERM
Topical Term Leprosy - Vadodra (Gujarat)
650 ## - SUBJECT ADDED ENTRY--TOPICAL TERM
Topical Term Mycobactrium Leprae - Vadodra (Gujarat)
650 ## - SUBJECT ADDED ENTRY--TOPICAL TERM
Topical Term Medical geography - Vadodra (Gujarat)
942 ## - ADDED ENTRY ELEMENTS (KOHA)
Koha item type Books
Holdings
Withdrawn status Lost status Damaged status Not for loan Home library Current library Date acquired Bill Date Full call number Accession Number Price effective from Koha item type
        NASSDOC Library NASSDOC Library 08/06/2004 2004-10-05 614.546095475 SIN-L 37948 18/04/2019 Books